000 00515nam a2200145 4500
999 _c10203
_d10203
008 180804b ||||| |||| 00| 0 eng d
022 _a2094-8042
082 _aDPer 370.105 M72 Jan-Dec 2011 v59-60
100 _930101
_aSantiago, Everlina G.
245 _aHelping children to become attentive in class/
_cEverlina G. Santriago.
260 _aPhilippines;
_bIn The Grade School, Inc.,
_cc2011.
300 _av60 n1, pages 12-13:
_billustrations;
_c27cm.
650 0 _930102
_aClassroom management.
942 _2ddc
_cPER